000 01062nam a22003137a 4500
003 CHAP
005 20220817044532.0
008 120711s2010 mx r 00010 spa d
010 _a103537
011 _a104509
035 _a115199
040 _cCHAP
082 0 4 _a640.430972
_bI42
110 2 _aInstituto Nacional de Estadística y Geografía. México
245 1 0 _aClasificación mexicana de actividades de uso del tiempo CMAUT
_c/por INEGI
260 _aAguascalientes, Méx. :
_bINEGI,
_c2010
300 _avii, 151 p. :
_btablas
590 _aBATCH-UPD
_b10
_c20130110
_lUCH01
_h1607
590 _aBATCH-UPD
_b10
_c20130410
_lUCH01
_h1003
590 _aBATCH-UPD
_b10
_c20130914
_lUCH01
_h1234
590 _aCONVERSION
_b10
_c20130109
_lUCH01
_h1357
650 1 4 _aEconomía doméstica.
650 1 4 _aTiempo libre.
_9113057
650 1 4 _aTrabajo y trabajadores
_xEstadísticas.
_9114522
650 1 4 _aUso del tiempo.
_9117087
901 _aBK
942 _cLIBRO
949 _a640.430972 I42
_bBC
_cINEGI
_d33724002343694
_eINEGI
_gDonaciØn
_h117228
_i115199
_st
999 _c103537
_d103537